00479 2200205 4500001002100000008004100021035002000062245005100082100002000133250000600153260001900159300001200178084001400190082000800204650001300212990001200225990001200237990001200249990001200261INLIS000000000000671 ind  a0010-0424000647 aBermain Sains Dengan KomputercSuharno Widi N. aWidi N, Suharno a1 aJakarta :bBSD a106 hlm a600 SUH b a600 aNonfiksi a0721738 a0721739 a0721740 a0721741